[Event "Muensterland Verbandsliga 1617"]
[Site "Germany"]
[Date "2017.02.25"]
[Round "7.8"]
[White "Van de Laar, Han"]
[Black "Schroeter, Manfred"]
[Result "1/2-1/2"]
[WhiteElo "1634"]
[BlackElo "1811"]
[PlyCount "53"]
[EventDate "2016.09.10"]
[EventType "team"]
[EventRounds "9"]
[EventCountry "GER"]
[SourceTitle "EXT 2018"]
[Source "ChessBase"]
[SourceDate "2017.10.13"]
[SourceVersion "1"]
[SourceVersionDate "2017.10.13"]
[SourceQuality "1"]
[WhiteTeam "Suedlohn II"]
[BlackTeam "Saerbeck"]
[WhiteTeamCountry "GER"]
[BlackTeamCountry "GER"]

1. Nf3 d5 2. c4 e6 3. e3 Nf6 4. d4 c6 5. Nc3 Bd6 6. Be2 0-0 7. 0-0 Nbd7 8. a3 Ne4 9. Nxe4 dxe4 10. Nd2 f5 11. b4 Qh4 12. f4 e5 13. dxe5 Nxe5 14. g3 Qh6 15. Nb3 Ng4 16. Bxg4 fxg4 17. c5 Be7 18. Bb2 Be6 19. Nd4 Bc4 20. Rf2 Bf6 21. Qxg4 Bxd4 22. Bxd4 Rad8 23. Rd2 Be6 24. Qe2 Qg6 25. Rf1 h5 26. Qg2 Bg4 27. Rff2 1/2-1/2

[Event "Muensterland Verbandsliga 1516"]
[Site "Germany"]
[Date "2016.04.23"]
[Round "8.6"]
[White "Schlagheck, Thomas"]
[Black "Schroeter, Manfred"]
[Result "1/2-1/2"]
[WhiteElo "1675"]
[BlackElo "1844"]
[PlyCount "28"]
[EventDate "2015.09.12"]
[EventType "team"]
[EventRounds "9"]
[EventCountry "GER"]
[SourceTitle "EXT 2017"]
[Source "ChessBase"]
[SourceDate "2016.10.25"]
[SourceVersion "1"]
[SourceVersionDate "2016.10.25"]
[SourceQuality "1"]
[WhiteTeam "Muenster SK IV"]
[BlackTeam "Saerbeck"]
[WhiteTeamCountry "GER"]
[BlackTeamCountry "GER"]

1. e4 g6 2. d4 Bg7 3. Nf3 d6 4. Nc3 Nf6 5. Bc4 c5 6. dxc5 Qa5 7. 0-0 Qxc5 8. Bb3 Nc6 9. Be3 Qa5 10. Qd2 Qh5 11. Bf4 0-0 12. Rfe1 e5 13. Bg3 Bg4 14. Qd3 Bxf3 1/2-1/2

[Event "Muensterland Verbandsliga 1516"]
[Site "Germany"]
[Date "2015.12.12"]
[Round "4.6"]
[White "Schroeter, Manfred"]
[Black "Wuestnienhaus, Andreas"]
[Result "1-0"]
[WhiteElo "1844"]
[BlackElo "1912"]
[PlyCount "63"]
[EventDate "2015.09.12"]
[EventType "team"]
[EventRounds "9"]
[EventCountry "GER"]
[SourceTitle "EXT 2017"]
[Source "ChessBase"]
[SourceDate "2016.10.25"]
[SourceVersion "1"]
[SourceVersionDate "2016.10.25"]
[SourceQuality "1"]
[WhiteTeam "Saerbeck"]
[BlackTeam "Bocholt"]
[WhiteTeamCountry "GER"]
[BlackTeamCountry "GER"]

1. e4 c6 2. d4 d5 3. exd5 cxd5 4. c4 Nf6 5. Nc3 e6 6. Nf3 Nc6 7. Bg5 Be7 8. Bd3 dxc4 9. Bxc4 0-0 10. 0-0 a6 11. Re1 b5 12. Bb3 Bb7 13. Ne2 Na5 14. Ne5 Nxb3 15. Qxb3 Nd5 16. Bxe7 Qxe7 17. a3 Rac8 18. Rac1 Rfd8 19. Qg3 Qe8 20. Rc5 Nb6 21. Ng4 Qe7 22. Rh5 Be4 23. h4 Bg6 24. Rg5 f6 25. Rc5 Rxc5 26. dxc5 Qxc5 27. Nf4 e5 28. Ne6 Qd5 29. Nxd8 Qxd8 30. Ne3 Bd3 31. Rd1 Qd7 32. Ng4 1-0

[Event "Bayern-ch Seniors op 27th"]
[Site "Bergen"]
[Date "2015.06.15"]
[Round "5"]
[White "Malik, Heinz"]
[Black "Schroeter, Manfred"]
[Result "0-1"]
[WhiteElo "1609"]
[BlackElo "1855"]
[PlyCount "122"]
[EventDate "2015.06.15"]
[EventType "swiss"]
[EventRounds "9"]
[EventCountry "GER"]
[SourceTitle "EXT 2019"]
[Source "ChessBase"]
[SourceDate "2018.10.10"]
[SourceVersion "1"]
[SourceVersionDate "2018.10.10"]
[SourceQuality "1"]

1. d4 Nf6 2. Nf3 g6 3. g3 Bg7 4. Bg2 0-0 5. c4 c5 6. d5 d6 7. Nc3 Na6 8. 0-0 Rb8 9. e4 Nc7 10. Rb1 b5 11. cxb5 Nxb5 12. Nxb5 Rxb5 13. Re1 Bd7 14. Bd2 e6 15. Bc3 e5 16. Nd2 Bg4 17. f3 Bc8 18. Nc4 Nh5 19. Qe2 Rb8 20. Qd2 g5 21. b4 Ba6 22. Na5 cxb4 23. Bxb4 Bb5 24. a3 h6 25. Rec1 Qb6+ 26. Qf2 Rfd8 27. Qxb6 Rxb6 28. Rc7 a6 29. Rbc1 Bf8 30. Nc6 Bxc6 31. R7xc6 Rb7 32. Rxa6 Nf6 33. Rcc6 Ne8 34. Bh3 Nc7 35. Rab6 Rxb6 36. Rxb6 Ra8 37. Bf1 Kg7 38. Rc6 Ra7 39. g4 Be7 40. Bc4 h5 41. h3 hxg4 42. hxg4 Kf8 43. Bxd6 Bxd6 44. Rxd6 Rxa3 45. Kf2 Ke7 46. Rb6 Ne8 47. Rb7+ Kf6 48. Kg3 Nd6 49. Rb6 Ke7 50. Be2 Nxe4+ 51. Kg2 Nd6 52. Rb1 Ra2 53. Kf1 Rd2 54. Rd1 Nc4 55. Rxd2 Nxd2+ 56. Ke1 Nb1 57. Bd3 Nc3 58. Be4 Kd6 59. Kd2 Nxd5 60. Kd3 Kc5 61. Bh7 Nf6 0-1

[Event "Bayern-ch Seniors op 27th"]
[Site "Bergen"]
[Date "2015.06.15"]
[Round "9"]
[White "Schroeter, Manfred"]
[Black "Zehfuss, Helmut"]
[Result "1/2-1/2"]
[WhiteElo "1855"]
[BlackElo "1716"]
[PlyCount "95"]
[EventDate "2015.06.15"]
[EventType "swiss"]
[EventRounds "9"]
[EventCountry "GER"]
[SourceTitle "EXT 2019"]
[Source "ChessBase"]
[SourceDate "2018.10.10"]
[SourceVersion "1"]
[SourceVersionDate "2018.10.10"]
[SourceQuality "1"]

1. e4 g6 2. Nc3 Bg7 3. Bc4 d6 4. Nf3 Nf6 5. 0-0 e5 6. d4 Nbd7 7. dxe5 dxe5 8. Qe2 c6 9. Rd1 Qc7 10. Bg5 h6 11. Bd2 0-0 12. Bb3 Nc5 13. Bc4 b5 14. Qe3 Ne6 15. Bf1 Re8 16. a4 b4 17. Ne2 Bf8 18. Be1 a5 19. Nh4 Ba6 20. Qf3 Nd7 21. g3 Ndc5 22. Bd2 Ng5 23. Bxg5 hxg5 24. Ng2 Ne6 25. h4 gxh4 26. Nxh4 Be7 27. Qg4 Ng7 28. Ng2 Bc8 29. Qf3 Ba6 30. Ne3 Nh5 31. Kg2 Bc8 32. Ng4 Be6 33. Ng1 Kg7 34. Ne3 Nf6 35. Bc4 Bc5 36. Bxe6 Rxe6 37. Nh3 Ree8 38. Ng5 Bxe3 39. Qxe3 Rad8 40. Rh1 Rh8 41. Qf3 Qe7 42. Rxh8 Rxh8 43. Rh1 Rxh1 44. Kxh1 Qd6 45. Qe2 Qd4 46. b3 Qd7 47. Kg2 Qd4 48. f3 1/2-1/2

[Event "Bayern-ch Seniors op 27th"]
[Site "Bergen"]
[Date "2015.06.15"]
[Round "8"]
[White "Siegmund, Rainer"]
[Black "Schroeter, Manfred"]
[Result "1-0"]
[WhiteElo "1991"]
[BlackElo "1855"]
[PlyCount "39"]
[EventDate "2015.06.15"]
[EventType "swiss"]
[EventRounds "9"]
[EventCountry "GER"]
[SourceTitle "EXT 2019"]
[Source "ChessBase"]
[SourceDate "2018.10.10"]
[SourceVersion "1"]
[SourceVersionDate "2018.10.10"]
[SourceQuality "1"]

1. d4 Nf6 2. c4 g6 3. Nc3 Bg7 4. e4 d6 5. Nf3 0-0 6. h3 c5 7. d5 Na6 8. Bd3 Rb8 9. 0-0 Nc7 10. a4 a6 11. Bg5 Bd7 12. a5 b5 13. axb6 Rxb6 14. Ra2 h6 15. Be3 e6 16. e5 dxe5 17. Bxc5 exd5 18. Bxb6 e4 19. cxd5 exd3 20. d6 1-0

[Event "Muensterland Verbandsliga 1314"]
[Site "Germany"]
[Date "2014.01.18"]
[Round "5.7"]
[White "Tenhuendfeld, Bernd"]
[Black "Schroeter, Manfred"]
[Result "0-1"]
[WhiteElo "1804"]
[BlackElo "1876"]
[PlyCount "94"]
[EventDate "2013.09.07"]
[EventType "team-tourn"]
[EventRounds "9"]
[EventCountry "GER"]
[SourceTitle "EXT 2015"]
[Source "ChessBase"]
[SourceDate "2014.11.20"]
[SourceVersion "1"]
[SourceVersionDate "2014.11.20"]
[SourceQuality "1"]
[WhiteTeam "Ahaus Wessum"]
[BlackTeam "Saerbeck"]
[WhiteTeamCountry "GER"]
[BlackTeamCountry "GER"]

1. d4 Nf6 2. c4 g6 3. Nc3 Bg7 4. e4 d6 5. f3 0-0 6. Be3 e5 7. Nge2 Nc6 8. d5 Ne7 9. Qd2 Re8 10. 0-0-0 a6 11. Kb1 Bd7 12. g4 b5 13. g5 Nh5 14. Ng3 Nf4 15. h4 bxc4 16. h5 Qc8 17. hxg6 hxg6 18. Rh4 c6 19. Bxc4 cxd5 20. Bxd5 Rb8 21. Bb3 Be6 22. Bxe6 Qxe6 23. Qxd6 Qxd6 24. Rxd6 Ng2 25. Rh2 Nxe3 26. Rxa6 Rec8 27. Kc1 Nc4 28. b3 Nd6 29. Rc2 Nb5 30. Nxb5 Rxc2+ 31. Kxc2 Rxb5 32. Ra8+ Bf8 33. Ne2 Rc5+ 34. Kd3 Rc8 35. Ra4 Nc6 36. a3 Be7 37. Nc3 Bxg5 38. Nd5 Ne7 39. Rc4 Rd8 40. Rc5 Nxd5 41. exd5 Be7 42. Ra5 f5 43. b4 Kf7 44. Kc4 g5 45. Ra6 g4 46. fxg4 fxg4 47. Rh6 g3 0-1

[Event "Muensterland Verbandsklasse-B 1213"]
[Site "Germany"]
[Date "2013.01.26"]
[Round "5.6"]
[White "Henke, Wolfgang"]
[Black "Schroeter, Manfred"]
[Result "1-0"]
[WhiteElo "1733"]
[BlackElo "1914"]
[PlyCount "91"]
[EventDate "2012.09.15"]
[EventType "team-tourn"]
[EventRounds "9"]
[EventCountry "GER"]
[SourceTitle "EXT 2015"]
[Source "ChessBase"]
[SourceDate "2014.11.20"]
[SourceVersion "1"]
[SourceVersionDate "2014.11.20"]
[SourceQuality "1"]
[WhiteTeam "Beelen"]
[BlackTeam "Saerbeck"]
[WhiteTeamCountry "GER"]
[BlackTeamCountry "GER"]

1. e4 g6 2. d4 Bg7 3. Nc3 d6 4. Nf3 Nf6 5. Be2 0-0 6. 0-0 c5 7. dxc5 dxc5 8. Qxd8 Rxd8 9. Be3 b6 10. Rfd1 Nc6 11. Rxd8+ Nxd8 12. Rd1 Bb7 13. e5 Ne8 14. Bg5 Kf8 15. Rd7 f6 16. exf6 exf6 17. Bf4 Bc6 18. Rd1 Nf7 19. Nb5 Bxb5 20. Bxb5 Rd8 21. Rxd8 Nxd8 22. Bb8 Ke7 23. Bxe8 Kxe8 24. Bxa7 Nb7 25. Bxb6 Kd7 26. Ne1 f5 27. c3 Kc6 28. Ba7 Be5 29. Nd3 Bd6 30. b4 c4 31. Nb2 Kd5 32. f3 Be5 33. Nd1 Nd6 34. a4 Nc8 35. Bf2 f4 36. Kf1 Ne7 37. g4 fxg3 38. Bxg3 Bf6 39. Ke2 Nf5 40. Kd2 h5 41. Bf2 Ke5 42. Ne3 Kf4 43. Nxf5 Kxf3 44. Bd4 Bxd4 45. Nxd4+ Kg2 46. Ke2 1-0

[Event "Muensterland Verbandsliga 1112"]
[Site "Germany"]
[Date "2011.12.17"]
[Round "4.6"]
[White "Leidig, Andreas"]
[Black "Schroeter, Manfred"]
[Result "0-1"]
[WhiteElo "1718"]
[BlackElo "1927"]
[PlyCount "64"]
[EventDate "2011.09.24"]
[EventType "team-tourn"]
[EventRounds "9"]
[EventCountry "GER"]
[SourceTitle "EXT 2013"]
[Source "ChessBase"]
[SourceDate "2012.11.22"]
[SourceVersion "1"]
[SourceVersionDate "2012.11.22"]
[SourceQuality "1"]
[WhiteTeam "Heiden"]
[BlackTeam "Saerbeck"]
[WhiteTeamCountry "GER"]
[BlackTeamCountry "GER"]

1. e4 g6 2. d4 Bg7 3. Nc3 d6 4. Be3 Nf6 5. Qd2 Nc6 6. Bd3 Ng4 7. Nf3 Nxe3 8. fxe3 0-0 9. 0-0 e5 10. Bc4 Bg4 11. Ne2 Qe7 12. h3 Bxf3 13. Rxf3 exd4 14. exd4 Qxe4 15. Kh1 Ne5 16. dxe5 Qxc4 17. exd6 cxd6 18. b3 Qc5 19. Rd1 Rad8 20. Rd3 Rfe8 21. Ng1 Be5 22. Nf3 f6 23. Nxe5 Rxe5 24. Rxd6 Rxd6 25. Qxd6 Re1+ 26. Kh2 Qg1+ 27. Kg3 Rxd1 28. Qe6+ Kg7 29. Qe7+ Kh6 30. Qf8+ Kh5 31. Qxf6 Qd4 32. Qe7 Qd6+ 0-1

[Event "Muensterland Verbandsliga 1011"]
[Site "Germany"]
[Date "2010.10.30"]
[Round "2.4"]
[White "Luetkehermoelle, Martin"]
[Black "Schroeter, Manfred"]
[Result "1/2-1/2"]
[WhiteElo "1902"]
[BlackElo "1945"]
[PlyCount "61"]
[EventDate "2010.09.25"]
[EventType "team-tourn"]
[EventRounds "9"]
[EventCountry "GER"]
[SourceTitle "EXT 2012"]
[Source "ChessBase"]
[SourceDate "2011.11.24"]
[SourceVersion "1"]
[SourceVersionDate "2011.11.24"]
[SourceQuality "1"]
[WhiteTeam "Ochtrup"]
[BlackTeam "Saerbeck"]
[WhiteTeamCountry "GER"]
[BlackTeamCountry "GER"]

1. e4 g6 2. d4 Bg7 3. Nc3 d6 4. f4 Nf6 5. Nf3 0-0 6. Bd3 c5 7. dxc5 Qa5 8. cxd6 exd6 9. 0-0 Nc6 10. Kh1 Re8 11. Bd2 Qh5 12. Ne2 Bg4 13. Ng3 Qc5 14. c3 Nh5 15. Nxh5 Qxh5 16. Qb3 Re7 17. Rae1 Rd8 18. Qd5 Qxd5 19. exd5 Rxe1 20. Rxe1 Nb8 21. Re7 Nd7 22. h3 Bxf3 23. gxf3 Kf8 24. Re2 Nb6 25. f5 Nxd5 26. fxg6 hxg6 27. c4 Nc7 28. Bf4 Ne6 29. Be3 Nd4 30. Bxd4 Bxd4 31. b3 1/2-1/2

[Event "EU-chT Seniors 09th"]
[Site "Dresden"]
[Date "2007.02.23"]
[Round "8"]
[White "Kleinwaechter, Matthias"]
[Black "Schroeter, Manfred"]
[Result "1-0"]
[WhiteElo "2009"]
[BlackElo "1904"]
[PlyCount "63"]
[EventDate "2007.02.16"]
[EventType "team-swiss"]
[EventRounds "9"]
[EventCountry "GER"]
[SourceTitle "CBM 117 Extra"]
[Source "ChessBase"]
[SourceDate "2007.05.09"]
[SourceVersion "1"]
[SourceVersionDate "2007.05.09"]
[SourceQuality "1"]

1. e4 c5 2. Nf3 d6 3. d4 cxd4 4. Qxd4 Nc6 5. Bb5 Bd7 6. Bxc6 bxc6 7. Nc3 Qb6 8. Qd3 e6 9. 0-0 Rd8 10. a4 Be7 11. a5 Qb8 12. Ra3 d5 13. Rb3 Qc7 14. a6 dxe4 15. Nxe4 Bc8 16. Qc4 Rd5 17. Bd2 f5 18. Nc3 Rc5 19. Qe2 Nf6 20. Re1 Bd6 21. Rb7 Bxb7 22. Qxe6+ Kd8 23. axb7 Re8 24. Qb3 Rxe1+ 25. Bxe1 h6 26. Bd2 Ke7 27. Be3 Ra5 28. g3 Nd5 29. Nxd5+ cxd5 30. Nd4 g6 31. Bxh6 Be5 32. b8Q 1-0

[Event "EU-chT Seniors 09th"]
[Site "Dresden"]
[Date "2007.02.20"]
[Round "5"]
[White "Andersson, Kaj Ake"]
[Black "Schroeter, Manfred"]
[Result "1-0"]
[WhiteElo "2169"]
[BlackElo "1904"]
[PlyCount "103"]
[EventDate "2007.02.16"]
[EventType "team-swiss"]
[EventRounds "9"]
[EventCountry "GER"]
[SourceTitle "CBM 117 Extra"]
[Source "ChessBase"]
[SourceDate "2007.05.09"]
[SourceVersion "1"]
[SourceVersionDate "2007.05.09"]
[SourceQuality "1"]

1. e4 c5 2. Nf3 d6 3. d4 cxd4 4. Nxd4 Nf6 5. Nc3 a6 6. Bg5 e6 7. f4 Nc6 8. Be2 Qb6 9. Nb3 Be7 10. Qd2 h6 11. Bxf6 Bxf6 12. 0-0-0 a5 13. Na4 Qa7 14. Qxd6 Be7 15. Qd2 0-0 16. Bb5 Nb4 17. Kb1 Na6 18. Qd4 Qb8 19. Nb6 Ra7 20. e5 Nc7 21. Bd7 a4 22. Bxa4 Nd5 23. Nxd5 exd5 24. Nc1 Ra5 25. Bb3 Rd8 26. Nd3 b6 27. Qf2 Ba6 28. Rhe1 Bc4 29. g4 Bxb3 30. cxb3 Qa7 31. Nc1 Bb4 32. Re2 Bc5 33. Qf3 Ra8 34. Qxd5 Rxa2 35. e6 Ra1+ 36. Kc2 fxe6 37. Rxe6 Kh8 38. g5 Bf8 39. Rc6 Ra5 40. Qd2 Qb7 41. Qc3 Qxc6 42. Qxc6 Rc5+ 43. Qxc5 bxc5 44. h4 hxg5 45. hxg5 g6 46. Rd5 Re8 47. Nd3 Re4 48. Kc3 Kg8 49. Nxc5 Bg7+ 50. Kd3 Rxf4 51. Rd8+ Kf7 52. Rd7+ 1-0